000 00426nam a2200193Ia 4500
003 OSt
005 20221005123621.0
006 a|||||r|||| 00| 0
007 ta
008 221004b |||||||| |||| 00| 0 eng d
024 _a113282
037 _cTextual
040 _aCRL
_cCRL
_beng
041 _2eng
_aeng
100 _aGorki S
_9633912
245 0 _aMaa
942 _cTEXL
_2cc
999 _c1047938
_d1047938